Az iskolázás charlottenburgi rendszere [lapszemle] /

Elmentve itt :
Bibliográfiai részletek
Szerzők: Kelemen Ignác
Wahnelt Oskar
Dokumentumtípus: Cikk
Megjelent: 1911
Sorozat:Magyar pedagógia : a Magyar Tudományos Akadémia Pedagógiai Bizottságának folyóirata 20
Kulcsszavak:Oktatásügy Németország 19-20. sz., Lapszemle
Online Access:http://misc.bibl.u-szeged.hu/8891
LEADER 00732nab a2200193 i 4500
001 misc8891
005 20191106143735.0
008 170607s1911 hu o 0|| hun d
022 |a 0025-0260 
040 |a SZTE Miscellanea Repozitórium  |b hun 
041 |a hun 
100 1 |a Kelemen Ignác 
245 1 3 |a Az iskolázás charlottenburgi rendszere   |h [elektronikus dokumentum] :  |b [lapszemle] /  |c  Kelemen Ignác 
260 |c 1911 
300 |a 581-582 
490 0 |a Magyar pedagógia : a Magyar Tudományos Akadémia Pedagógiai Bizottságának folyóirata  |v 20 
695 |a Oktatásügy Németország 19-20. sz., Lapszemle 
700 0 1 |a Wahnelt Oskar  |e aut 
856 4 0 |u http://misc.bibl.u-szeged.hu/8891/1/mp_1911_1703_581-582.pdf  |z Dokumentum-elérés